قضايا الماركسية/ (Record no. 15788)
[ view plain ]
| 000 -الفاتح | |
|---|---|
| حقل البيانات ثابتة الطول | 00878nam a22002057a 4500 |
| 008 - عناصر البيانات ثابتة الطول - معلومات عامة | |
| حقل البيانات ثابتة الطول | 110804t xxu||||| |||| 00| 0 ara d |
| 082 ## - رقم تصنيف ديوى العشرى | |
| رقم الطبعة | 22 |
| رقم التصنيف | 320.5322 |
| رقم المادة | س ا ر |
| 100 ## - المدخل الرئيسى - إسم شخصى | |
| 9 (RLIN) | 26584 |
| الإسم الشخصى | سارتر،جان بول |
| 245 ## - بيان العنوان | |
| العنوان | قضايا الماركسية/ |
| بيان المسئوليه,etc | تأليف جان بول سارتر؛ترجمة جورج طرابيشى |
| 260 ## - PUBLICATION, DISTRIBUTION, ETC. (IMPRINT) | |
| مكان الناشر او الموزع | بيروت: |
| اسم الناشر او الموزع | منشورات دار الأداب،1965. |
| تاريخ النشر أو التوزيع | 1965. |
| 300 ## - الوصف المادى | |
| التعداد | 315ص، |
| أبعاد الوعاء | 24سم. |
| 490 ## - بيان السلسلة | |
| -- | 26585 |
| عنوان السلسلة | ؛مواقف |
| -- | 4. |
| 650 ## - المدخل الاضافى بالموضوع-مصطلح موضوعى | |
| 9 (RLIN) | 16253 |
| مصطلح موضوعي أو اسم جغرافي كعنصر مدخل | الماركسية |
| 650 ## - المدخل الاضافى بالموضوع-مصطلح موضوعى | |
| 9 (RLIN) | 8522 |
| مصطلح موضوعي أو اسم جغرافي كعنصر مدخل | الاشتراكية |
| 650 ## - المدخل الاضافى بالموضوع-مصطلح موضوعى | |
| 9 (RLIN) | 16059 |
| مصطلح موضوعي أو اسم جغرافي كعنصر مدخل | النظم السياسية |
| 653 ## - مصطلح تكشيفى غير مقيد | |
| Resource For college | |
| Arrived date list | August2011 |
| 700 ## - المدخل الاضافى - اسم شخصى | |
| 9 (RLIN) | 26586 |
| الإسم الشخصى | طرابيشى،جورج |
| العنوان والكلمات الأخرى المصاحبة للاسم | مترجم. |
| 942 ## - عناصر المدخل الإضافي( كوها) | |
| مصدر التصنيف او مخطط الترفيف | Dewey Decimal Classification |
| Koha [default] item type | Book - Borrowing |
| حالة التراجع | حالة الفقد | مصدر التصنيف او خطة الترفيف | حالة تلف | ليس للاعارة | مجموعات كوها | المكان الدائم | المكان الحالي | موقع الترفيف | تاريخ الاكتساب | Source of acquisition | رقم الاستدعاء | الباركود | Date last seen | مُعار | نوع الوعاء |
|---|---|---|---|---|---|---|---|---|---|---|---|---|---|---|---|
| Dewey Decimal Classification | Central Library | Central Library | First floor | 04/08/2011 | Donation | 320.5322 س ا ر | 000024449 | 15/07/2025 | 26/11/2017 | Book - Borrowing |